Vývoj zamestnanosti v okrese Vranov nad Topľou do roku 2000 záverečná práca postgraduálneho štúdia

Guardado en:
Detalles Bibliográficos
Autor principal: Majerčin, Ladislav
Autor Corporativo: Vysoká škola ekonomická v Bratislave
Otros Autores: Kozíková, Emília
Formato: Libro
Lenguaje:eslovaco
Publicado: Bratislava 1987
Etiquetas: Agregar Etiqueta
Sin Etiquetas, Sea el primero en etiquetar este registro!

MARC

LEADER 00000nam a2200000 4500
001 c024693
005 20221219095445.7
041 0 |a slo 
044 |a SK 
245 1 0 |a Vývoj zamestnanosti v okrese Vranov nad Topľou do roku 2000  |b záverečná práca postgraduálneho štúdia  |c Ladislav Majerčin ; Ved. práce Emília Kozíková 
264 1 |a Bratislava  |c 1987 
300 |a 41 s. 
100 1 |a Majerčin, Ladislav 
700 1 |a Kozíková, Emília 
710 2 |a Vysoká škola ekonomická v Bratislave